| 000 | 00449nam a2200181Ia 4500 | ||
|---|---|---|---|
| 001 | 1664 | ||
| 005 | 20260306143745.0 | ||
| 008 | 260306t2011||||xx |||||||||||||| ||spa|| | ||
| 041 | _aESP | ||
| 082 |
_a153.93 _bC68A |
||
| 100 |
_aClavijo Gamero, Rocío _eAUT |
||
| 245 | 0 |
_aCuestionario psicotécnico: _bejercicios prácticos |
|
| 260 | _c2011 | ||
| 300 |
_a844 páginas : _c17 cm. |
||
| 650 | _aGEN | ||
| 654 | _aCPS | ||
| 942 |
_cLIB _dJUS _fJUS _2ddc _n |
||
| 999 |
_c1664 _d1664 |
||